000 00485nam a2200145Ia 4500
008 220216s9999 xx 000 0 und d
100 _aTruong Vu Van
245 0 _aPotential of the IRRDB81 Hevea resource for timber production
260 _bPreprints of Papers. International Natural Rubber Conference 13-14 November 2006, Vietnam, pp.390-398.
650 _aIRRDB81 hevea germplasm
650 _aTimber production
700 _a6aTuy Le Mau
700 _aLam Lai Van
942 _cJS
999 _c65392
_d65392